Jeux Olympiques: avantage de l'hôte - Statistiques

Statistiques générales
  • Ce quiz a été pris 98 fois
  • Le résultat moyen est 9 sur 10
Statistiques - réponses
Pays hôte % des médailles* % Correct
États-Unis (1932) 30
100%
États-Unis (1984) 25
100%
États-Unis (1904) 88
99%
États-Unis (1996) 12
99%
France (1900) 38
98%
URSS (1980) 31
89%
Allemagne (1936) 24
84%
Royaume-Uni (1908) 45
84%
Grèce (1896) 37
66%
Suède (1912) 21
58%
Aucun quiz correspondant
Distribution des résultats
% des personnes avec chaque résultat
Percentile par nombre de réponses
Votre historique - résultats
Vous n’avez pas pris ce quiz